000
00248nam a22001217a 4500
020
_a
978-81-286-2891-7
082
_a
823
_b
BLY/N
100
_a
BLYTON
245
_a
NODDY
260
_a
MUMBAI
_b
EURO KIDS
650
_a
ENGLISH SHORT STORY
942
_c
BK
999
_c
3244
_d
3244